• 首页
  • 本馆介绍
  • 公告通知
  • 最新文献
  • 馆藏检索
  • 电子资源
  • 读者导购
  • 参考咨询
  • 我的图书馆
  • 登录
  • 详细信息显示
  • 放入我的书架
  • 预约/预借图书
  • 作者相关作品
  • 分类相关作品
  • 丛书相关作品
  • 出版社相关作品

书目信息

  • 表格格式
  • 工作单格式
  • 卡片格式
题名:
词义辨析
    
 
作者: 刘诗圣 著
分册:  
出版信息: 北京   人民教育出版社  1985.02
页数: 325页
开本: 19cm
丛书名:
单 册:
中图分类: H136.2
科图分类:
主题词: 汉语--同义词--现代 , 汉语--多义词--现代 , 汉语--反义词--现代
电子资源:
ISBN:
000 00609nam0 2200229 45
001 0404201067
005 20050415083043.2
010    @dCNY1.40
091    @a7012.0908
100    @a20040420d1985 km y0chiy0120 ea
101 0  @achi
105    @a z 000yy
200 1  @a词义辨析@ACi Yi Bian Xi@f刘诗圣著@FLiu Shi Sheng Zhu
210    @a北京@c人民教育出版社@d1985.02
215    @a325页@d19cm
606 0  @a汉语@x同义词@x现代
606 0  @a汉语@x多义词@x现代
606 0  @a汉语@x反义词@x现代
690    @aH136.2@v3
701  0 @a刘诗圣@4著
801    @aCN@bPftUser@c20040420
905    @dH136.2@e123@f1@b173814
    
    词义辨析/刘诗圣著.-北京:人民教育出版社,1985.02
    325页;19cm
    
    
    ISBN :CNY1.40
    
●
相关链接 在E读中查询图书 在五车中查询图书 在当当中查询图书 在豆瓣中查询图书


正题名:词义辨析     索取号:H136.2/123         预约/预借

序号 登录号 条形码 馆藏地/架位号 状态 备注
1 0173813   000836732   第四借阅区/ [索取号:H136.2/123] 在馆    
2 0173814   002025052   第二样本阅览室/ [索取号:H136.2/123] 在馆    
唐山师范学院图书馆 欢迎您!
大连网信软件有限公司© 版权所有